| 000 | 00520cam a22002051 4500 | ||
|---|---|---|---|
| 001 | he 65001333 | ||
| 003 | DLC | ||
| 005 | 20260227111433.0 | ||
| 008 | 840406s1965 is 000 0 heb | ||
| 010 | _ahe 65001333 | ||
| 035 | _a(OCoLC)19166980 | ||
| 040 |
_aDLC _cMH _dDLC |
||
| 042 | _apremarc | ||
| 050 | 0 | 0 |
_aPZ90.H3 _bR313 |
| 100 | 1 | _aRabin, Ester. | |
| 245 | 1 | 0 |
_aTsipor ha-pelaʼim : _bsipurim. |
| 260 |
_aTel Aviv : _bMasadah _c[1965] |
||
| 300 |
_a62 p. : _bcol.ill. ; _c27 cm. |
||
| 752 |
_aIsrael _dTel Aviv |
||
| 999 |
_c31333 _d31333 |
||